| 000 | 00485 a2200169 4500 | ||
|---|---|---|---|
| 003 | OSt | ||
| 005 | 20231227151549.0 | ||
| 008 | 231227b |||||||| |||| 00| 0 eng d | ||
| 020 | _a9788181436177 | ||
| 040 | _coclc | ||
| 082 |
_a891.433 _bSIN/M |
||
| 100 |
_aSingh, Namita _910179 |
||
| 245 |
_aMITION JUNGAL AUR GINIPIG / _cNamita Singh |
||
| 260 |
_aNew Delhi: _bVani Prakashan, _c2013. |
||
| 300 | _a152p | ||
| 942 |
_2ddc _cBK _h891.433 _iSIN/M _k891.433 _mSIN/M |
||
| 999 |
_c43590 _d43590 |
||